Efficacy of levonorgestrol releasing intrauterine system in treatment of menorrhagia due to dysfunctional uterine bleeding or fibroid uterus (Record no. 879838)

MARC details
000 -LEADER
fixed length control field 01149nam a2200301Ia 4500
003 - CONTROL NUMBER IDENTIFIER
control field OSt
005 - DATE AND TIME OF LATEST TRANSACTION
control field 20220930085947.0
008 - FIXED-LENGTH DATA ELEMENTS--GENERAL INFORMATION
fixed length control field 220926b |||||||| |||| 00| 0 eng d
037 ## - SOURCE OF ACQUISITION
Terms of availability Theses
040 ## - CATALOGING SOURCE
Original cataloging agency CRL
Transcribing agency CRL
Language of cataloging eng
041 ## - LANGUAGE CODE
Source of code eng
Language code of text/sound track or separate title eng
100 ## - MAIN ENTRY--PERSONAL NAME
Personal name Gupta Reena
9 (RLIN) 541567
110 ## - MAIN ENTRY--CORPORATE NAME
Corporate name or jurisdiction name as entry element University of Delhi. Faculty of Medical Sciences. Department of Obstetrics and Gynaecology
245 #0 - TITLE STATEMENT
Title Efficacy of levonorgestrol releasing intrauterine system in treatment of menorrhagia due to dysfunctional uterine bleeding or fibroid uterus
260 ## - PUBLICATION, DISTRIBUTION, ETC.
Date of publication, distribution, etc. 2009
300 ## - PHYSICAL DESCRIPTION
Extent 85p.
-- p.
Dimensions cm.
650 ## - SUBJECT ADDED ENTRY--TOPICAL TERM
Topical term or geographic name entry element WOMEN - DISEASES
700 ## - ADDED ENTRY--PERSONAL NAME
Personal name Dr. Bharti Minocha Gu.
9 (RLIN) 538410
700 ## - ADDED ENTRY--PERSONAL NAME
Personal name Dr. Mahesh K Mittal Gu.
9 (RLIN) 541568
700 ## - ADDED ENTRY--PERSONAL NAME
Personal name Dr. Manjula Sharma Gu.
9 (RLIN) 538570
700 ## - ADDED ENTRY--PERSONAL NAME
Personal name Dr. Rupali Dewan Gu.
9 (RLIN) 538411
700 ## - ADDED ENTRY--PERSONAL NAME
Personal name University of Delhi. Faculty of Medical Sciences. Department of Obstetrics and Gynaecology
942 ## - ADDED ENTRY ELEMENTS (KOHA)
Koha item type Dissertations
Source of classification or shelving scheme Colon Classification (CC)

No items available.

Copyright @ Delhi University Library System